Districts of Eritrea (with map) - Statistics

General Stats
  • This quiz has been taken 39 times
  • The average score is 19 of 52
Answers on the Map
Answers color-coded by a green-red scale on the quiz's map according to % correct below.
 
Answer Stats
Districts % Correct
Asmara North East
76%
Asmara North West
76%
Asmara South East
76%
Asmara South West
76%
Keren
55%
Dahlak
52%
Mendefera
52%
Logo Anseba
45%
Tesseney
45%
Barentu
41%
Foro
41%
Ghinda
41%
Laelay Gash
41%
Senafe
41%
Afabet
38%
Dekemhare
38%
Forto
38%
Nakfa
38%
Adi Keyh
34%
Adi Tekelezan
34%
Akurdet
34%
Areza
34%
Berikh
34%
Geleb
34%
Ghala Nefhi
34%
Hagaz
34%
Mai Mine
34%
Segeneiti
34%
Are'eta
31%
Asmat
31%
Central Denkalya
31%
Gogne
31%
Habero
31%
Halhal
31%
Karura
31%
Kerkebet
31%
Mensura
31%
Mogolo
31%
Molki
31%
Sela
31%
She'eb
31%
Southern Denkalya
31%
Tsorona
31%
Elabered
28%
Emni Haili
28%
Omhajer
28%
Adi Kuala
24%
Haikota
24%
Dige
21%
Ghelalo
21%
Serejeka
21%
Massaoua
17%
No matching quizzes found
Score Distribution
Percent of People with Each Score
Percentile by Number Answered
Your Score History
You have not taken this quiz